[Event "Extremadura-chT"]
[Site "Spain"]
[Date "2008.01.26"]
[Round "2.3"]
[White "Real Vega, Alberto"]
[Black "Pulido Carcaboso, Francisco V"]
[Result "1/2-1/2"]
[WhiteElo "1727"]
[BlackElo "1933"]
[PlyCount "43"]
[EventDate "2008.01.19"]
[EventType "team-swiss"]
[EventRounds "9"]
[EventCountry "ESP"]
[SourceTitle "EXT 2011"]
[Source "ChessBase"]
[SourceDate "2010.11.26"]
[SourceVersion "1"]
[SourceVersionDate "2010.11.26"]
[SourceQuality "1"]
[WhiteTeam "Pardaleras"]
[BlackTeam "Lasker"]
[WhiteTeamCountry "ESP"]
[BlackTeamCountry "ESP"]

1. e4 d5 2. Nc3 d4 3. Nce2 e5 4. Ng3 Be6 5. Nf3 Nd7 6. Be2 h6 7. 0-0 Ngf6 8. c3 c5 9. b4 dxc3 10. dxc3 cxb4 11. cxb4 Bxb4 12. Qa4 Qa5 13. Qxa5 Bxa5 14. Bb2 Rc8 15. Rac1 0-0 16. Nxe5 Bd2 17. Ra1 Rc2 18. Nd3 Bc4 19. Rfb1 Rc8 20. Bxf6 Nxf6 21. Rxb7 Bc3 22. Rd1 1/2-1/2

[Event "Extremadura-chT"]
[Site "Spain"]
[Date "2007.03.03"]
[Round "7.2"]
[White "Sanchez Garcia, Jesus Maria"]
[Black "Pulido Carcaboso, Francisco V"]
[Result "1/2-1/2"]
[WhiteElo "2104"]
[BlackElo "1922"]
[PlyCount "68"]
[EventDate "2007.01.20"]
[EventType "team-swiss"]
[EventRounds "7"]
[EventCountry "ESP"]
[SourceTitle "EXT 2011"]
[Source "ChessBase"]
[SourceDate "2010.11.26"]
[SourceVersion "1"]
[SourceVersionDate "2010.11.26"]
[SourceQuality "1"]
[WhiteTeam "Coria"]
[BlackTeam "Lasker"]
[WhiteTeamCountry "ESP"]
[BlackTeamCountry "ESP"]

1. e4 d5 2. exd5 c6 3. d4 cxd5 4. c4 dxc4 5. Bxc4 e6 6. Nc3 Nf6 7. Nf3 Be7 8. Bg5 Nc6 9. Bb3 0-0 10. 0-0 Qa5 11. Qd2 Rd8 12. Rad1 h6 13. Bh4 Qh5 14. Bg3 Bb4 15. Rfe1 b6 16. a3 Bd6 17. Bxd6 Rxd6 18. Qf4 Rd8 19. Ne5 Bb7 20. Ne4 Nxe4 21. Qxe4 Na5 22. Qe3 Nxb3 23. Qxb3 Bd5 24. Qe3 f6 25. Nd3 Qf5 26. Nf4 Bb7 27. Qxe6+ Qxe6 28. Nxe6 Rd6 29. Re3 Rc8 30. Kf1 Kf7 31. Nf4 Rc4 32. Ne2 Rc2 33. Rc3 Bxg2+ 34. Kxg2 Rxe2 1/2-1/2